Carregant...

Postcolonial people : South Asians in Britain

Dades bibliogràfiques
Autor principal: Ali N.
Altres autors: Sayyida S., Kalra V.S
Format: Printed Book
Publicat: London Hurst & Company 2006
Matèries:
LEADER 00698nam a22002051a 4500
020 |a 9781850657972  |c 0.00 
040 |a SSUS - Library - Kalady 
082 |a 325.2 54041  |b ALI/P 
100 |a Ali N. 
245 |a Postcolonial people : South Asians in Britain  |h [Text] 
260 |a London  |b Hurst & Company  |c 2006 
300 |a 436p. 
600 |a Post Colonialism 
600 |a Emigration -South Asians in Britain 
700 |a Sayyida S. 
700 |a Kalra V.S 
852 |h 325.2 54041  |i ALI/P  |p 056077  |9 350.00  |t 0 
942 |c BK 
999 |c 35174  |d 35174 
952 |0 0  |1 0  |4 0  |6 325_200000000000000_54041_ALI_P  |7 0  |9 50903  |a SSUS  |b SSUS  |d 2015-01-08  |g 350.00  |o 325.2 54041 ALI/P  |p 056077  |r 2015-01-08  |v 0.00  |w 2015-01-08  |y BK